000 00546nam a22001817a 4500
005 20240110072830.0
008 240110b |||||||| |||| 00| 0 eng d
020 _a0702145785
041 _aEnglish
082 _a347.7 VAN
100 _aVan Blerk, P
_lEnglish
245 _aLegal Drafting : Civil proceedings
_cP Van Blerk
250 _aFirst Edition
260 _aCape Town :
_bJuta and Company Ltd,
_c1998
300 _bxvi, 110 pages ;
_c25,5 cm.
650 _aLegal practice
_bLaw
942 _cBK
_6ALISON_BN_VRIES
999 _c1210
_d1210